[Event "GER-chT Seniors 16th"]
[Site "Halle"]
[Date "2007.09.14"]
[Round "2.3"]
[White "Krug, Peter"]
[Black "Gerhardt, Peter Michael"]
[Result "1-0"]
[WhiteElo "2167"]
[BlackElo "2141"]
[PlyCount "59"]
[EventDate "2007.09.13"]
[EventType "team"]
[EventRounds "7"]
[EventCountry "GER"]
[SourceTitle "EXT 2008"]
[Source "ChessBase"]
[SourceDate "2007.11.25"]
[SourceVersion "1"]
[SourceVersionDate "2007.11.25"]
[SourceQuality "1"]

1. e4 g6 2. d4 Bg7 3. Nc3 d6 4. Nf3 c6 5. a4 Nf6 6. Bd3 0-0 7. Bg5 Nbd7 8. Qd2 e5 9. dxe5 dxe5 10. h3 Qc7 11. Qe3 Qb6 12. Qxb6 axb6 13. 0-0 Re8 14. b4 Nh5 15. Be3 Nf4 16. Bc4 Ne6 17. Rfd1 Bf8 18. Rab1 Kg7 19. g3 Nc7 20. Kg2 Na6 21. Bxa6 bxa6 22. b5 axb5 23. axb5 c5 24. Nd5 Ra2 25. c4 Be7 26. Ra1 Rxa1 27. Rxa1 Bb7 28. Nd2 f6 29. Ra7 Bxd5 30. cxd5 1-0

[Event "GER-chT Seniors 16th"]
[Site "Halle"]
[Date "2007.09.13"]
[Round "1.3"]
[White "Neukirch, Detlef"]
[Black "Krug, Peter"]
[Result "0-1"]
[WhiteElo "2278"]
[BlackElo "2167"]
[PlyCount "66"]
[EventDate "2007.09.13"]
[EventType "team"]
[EventRounds "7"]
[EventCountry "GER"]
[SourceTitle "EXT 2008"]
[Source "ChessBase"]
[SourceDate "2007.11.25"]
[SourceVersion "1"]
[SourceVersionDate "2007.11.25"]
[SourceQuality "1"]

1. e4 e5 2. Nf3 Nc6 3. Bb5 a6 4. Ba4 d6 5. Bxc6+ bxc6 6. d4 exd4 7. Qxd4 Nf6 8. 0-0 Be7 9. Nc3 0-0 10. Bf4 Rb8 11. b3 Bg4 12. Nd2 Nd7 13. Nc4 Nc5 14. Qd2 Bf6 15. f3 Be6 16. Na5 Bd7 17. Rab1 Ne6 18. Be3 Qe7 19. Nc4 Rfe8 20. Rbd1 Rbd8 21. Rfe1 Qf8 22. Bf2 g6 23. e5 Bg5 24. Qd3 d5 25. Nd2 Qh6 26. g3 Be7 27. Qxa6 Ng5 28. Be3 Nh3+ 29. Kg2 Qh5 30. Nf1 Bb4 31. Bd4 Ng5 32. Qe2 Bh3+ 33. Kf2 c5 0-1

[Event "Berlin-ch Seniors op 23rd"]
[Site "Berlin"]
[Date "2007.02.12"]
[Round "8"]
[White "Keusch, Horst"]
[Black "Krug, Peter"]
[Result "0-1"]
[WhiteElo "1909"]
[BlackElo "2068"]
[PlyCount "118"]
[EventDate "2007.02.05"]
[EventType "swiss"]
[EventRounds "9"]
[EventCountry "GER"]
[SourceTitle "EXT 2022"]
[Source "ChessBase"]
[SourceDate "2021.10.06"]
[SourceVersion "1"]
[SourceVersionDate "2021.10.06"]
[SourceQuality "1"]

1. f4 Nf6 2. Nf3 d6 3. e3 g6 4. Be2 Bg7 5. 0-0 0-0 6. d3 c6 7. c3 Nbd7 8. Kh1 Qb6 9. Qe1 Nd5 10. Bd1 e5 11. Na3 exf4 12. Nc4 Qc7 13. e4 N5b6 14. Nxb6 Qxb6 15. Bb3 Ne5 16. Bxf4 Be6 17. Nxe5 dxe5 18. Be3 Qd8 19. Bxe6 fxe6 20. Qe2 b6 21. Rxf8+ Qxf8 22. Rf1 Qd6 23. Rf3 c5 24. h4 Rf8 25. Rh3 c4 26. dxc4 Rd8 27. Kh2 h5 28. b4 Qc6 29. Bf2 Bh6 30. Rd3 Rf8 31. g3 Qxc4 32. Kg2 Qc6 33. Be1 Rc8 34. Kh3 Qc4 35. Kg2 Bf8 36. Kh3 Be7 37. Qe3 Rf8 38. Kg2 Qxa2+ 39. Bf2 Kg7 40. Rd7 Rf7 41. Rc7 Bd8 42. Rxf7+ Kxf7 43. Qd3 Be7 44. Kf3 Qa4 45. Be3 Qc6 46. Bd2 a5 47. bxa5 bxa5 48. Qe3 Qc4 49. Kg2 a4 50. Qf3+ Ke8 51. Bg5 Bxg5 52. hxg5 a3 53. Qf6 Qxe4+ 54. Kh2 Qf5 55. Qh8+ Kd7 56. Qa8 Qc2+ 57. Kh3 Qxc3 58. Qa7+ Kd6 59. Qa4 Qb2 0-1

[Event "Berlin-ch Seniors op 23rd"]
[Site "Berlin"]
[Date "2007.02.08"]
[Round "4"]
[White "Jugow, Alexander"]
[Black "Krug, Peter"]
[Result "0-1"]
[WhiteElo "2119"]
[BlackElo "2068"]
[PlyCount "142"]
[EventDate "2007.02.05"]
[EventType "swiss"]
[EventRounds "9"]
[EventCountry "GER"]
[SourceTitle "EXT 2022"]
[Source "ChessBase"]
[SourceDate "2021.10.06"]
[SourceVersion "1"]
[SourceVersionDate "2021.10.06"]
[SourceQuality "1"]

1. d4 d5 2. c4 c6 3. Nf3 e6 4. Nc3 dxc4 5. e4 b5 6. a4 Bb4 7. Be2 Bb7 8. Qc2 a6 9. h4 Nd7 10. 0-0 Ne7 11. e5 Nf5 12. Bg5 Qb6 13. Rfd1 h6 14. Bf4 Be7 15. Ne4 0-0 16. h5 c5 17. a5 Qc6 18. d5 exd5 19. Nc3 Nd4 20. Nxd4 cxd4 21. Nxd5 Qc5 22. Nxe7+ Qxe7 23. Rxd4 Nxe5 24. Ra3 Rad8 25. Rxd8 Rxd8 26. Re3 f6 27. Qc3 Re8 28. b3 cxb3 29. Qxb3+ Qf7 30. Qc3 Qd5 31. Rg3 Rc8 32. Qe3 Kh7 33. Bxe5 fxe5 34. Bf3 e4 35. Bg4 Rf8 36. Qb6 Qc6 37. Qd4 Qf6 38. Bf5+ Kh8 39. Qxf6 Rxf6 40. Bg6 Kg8 41. Re3 Re6 42. f3 Kf8 43. fxe4 Ke7 44. e5 Rc6 45. Kh2 Rc5 46. g4 Bd5 47. Be4 Bxe4 48. Rxe4 Rc4 49. Re2 Rxg4 50. Kh3 Rg5 51. Kh4 Ke6 52. Rc2 Kd5 53. e6 Re5 54. Rc7 Rxe6 55. Rxg7 b4 56. Rb7 Kc5 57. Kg4 Rd6 58. Kf5 Kc4 59. Rb6 Rd5+ 60. Kg6 Rxa5 61. Kxh6 b3 62. Kg6 Rb5 63. Rc6+ Kd5 64. Rc1 a5 65. h6 a4 66. h7 Rb8 67. Rd1+ Kc4 68. Rd7 b2 69. Rc7+ Kb3 70. Rb7+ Rxb7 71. h8Q b1Q+ 0-1

[Event "Berlin-ch Seniors op 23rd"]
[Site "Berlin"]
[Date "2007.02.05"]
[Round "1"]
[White "Krug, Peter"]
[Black "Scharkowski, Albrecht"]
[Result "1-0"]
[WhiteElo "2068"]
[BlackElo "1611"]
[PlyCount "83"]
[EventDate "2007.02.05"]
[EventType "swiss"]
[EventRounds "9"]
[EventCountry "GER"]
[SourceTitle "EXT 2022"]
[Source "ChessBase"]
[SourceDate "2021.10.06"]
[SourceVersion "1"]
[SourceVersionDate "2021.10.06"]
[SourceQuality "1"]

1. e4 d6 2. d4 Nf6 3. Nc3 c6 4. Nf3 Bg4 5. Be2 e6 6. Be3 Be7 7. h3 Bh5 8. g4 Bg6 9. Nd2 Nfd7 10. Nb3 d5 11. exd5 cxd5 12. Qd2 Nc6 13. a3 a6 14. 0-0 0-0 15. f4 f5 16. g5 Nb6 17. Rad1 Nc4 18. Qc1 N6a5 19. Nc5 Bxc5 20. dxc5 Nxe3 21. Qxe3 Re8 22. Na4 Qc7 23. b4 Nc6 24. Bf3 Bf7 25. Nb6 Rad8 26. c3 Na7 27. c4 dxc4 28. Nxc4 Nc6 29. Nd6 Re7 30. Rfe1 Rdd7 31. Kg2 Nd8 32. h4 Nc6 33. h5 Nd8 34. h6 gxh6 35. gxh6 Bg6 36. Kf2 Nf7 37. Nxf7 Bxf7 38. Rxd7 Qxd7 39. Qe5 Bg6 40. Rd1 Qc8 41. Rd6 Be8 42. Qf6 1-0